000 01097nam a22003257a 4500
001 0000760
003 KOHA_MİRAKIL
005 20260207001219.0
007 ta
008 081212b2000 tu |||gr||||#||||0|tur |
020 _a9944455059
_cYTL16,690000000000001
040 _aTR-BiSEU
_btur
_cTR-BiSEU
_erda
041 0 _atur
044 _ctu
050 _aRB151
_b.L56 2000
100 1 _aLin, Henry B..
245 1 _aA'dan Z'ye hastalıklar nedenleri ve doğal tedavi yöntemleri/
_cHenry B. Lin ; Henry B. Lin; çeviren Ali Dülger, Ferhan Çamlıkaya, Sibel Karakaya.
264 1 _aİstanbul :
_bBilim Teknik Yayınları
_c2000
300 _a480 sayfa: resimli
336 _ametin
_btxt
_2rdacontent
337 _aaracısız
_bn
_2rdamedia
338 _acilt
_bnc
_2rdacarrier
650 0 _a Diseases
_93198
650 0 _a Diseases--Causes and theories of causation.
_93199
650 0 _aDiseases-- Treatment.
_93200
650 0 _aHastalıklar.
_93201
650 0 _aHastalıklar--Nedenleri ve nedensellik teorileri.
_93202
650 0 _aHastalıklar--Tedavi.
_93203
942 _2lcc
_cBK
999 _c758
_d758